Za tajomstvami svetového hospodárstva

Guardado en:
Detalles Bibliográficos
Autor principal: Šíbl, Drahoš
Formato: Libro
Lenguaje:eslovaco
Publicado: Bratislava Elita 1991
Edición:1. vyd.
Materias:
Etiquetas: Agregar Etiqueta
Sin Etiquetas, Sea el primero en etiquetar este registro!

MARC

LEADER 00000nam a2200000 4500
001 c006607
005 20221214095331.6
020 |a 80-85323-01-X 
041 0 |a slo 
044 |a SK 
245 1 0 |a Za tajomstvami svetového hospodárstva  |c Drahoš Šíbl 
250 |a 1. vyd. 
264 1 |a Bratislava  |b Elita  |c 1991 
300 |a 157 s. 
610 2 0 |a hospodárstvo svetové 
610 2 0 |a inovácia 
610 2 0 |a podnikanie 
610 2 0 |a služby 
610 2 0 |a burzy 
610 2 0 |a zlato 
610 2 0 |a bankovníctvo 
610 2 0 |a manažment 
610 2 0 |a megatrendy 
100 1 |a Šíbl, Drahoš